La reciente decisión adoptada por la IGJ en el caso "Remax" (Registro nro. 21388)

Detalles MARC
000 -LEADER
fixed length control field 00349 a2200109 4500
001 - CONTROL NUMBER
control field ART_51414
005 - DATE AND TIME OF LATEST TRANSACTION
control field 20260410161810.0
008 - FIXED-LENGTH DATA ELEMENTS--GENERAL INFORMATION
fixed length control field 260409a
100 1# - MAIN ENTRY--PERSONAL NAME
Personal name Papa, Rodolfo G.
245 10 - TITLE STATEMENT
Title La reciente decisión adoptada por la IGJ en el caso "Remax"
773 0# - HOST ITEM ENTRY
Title Doctrina Societaria y Concursal
Related parts - N° 395 (oct. 2020)
Record control number REV4298

No hay ítems disponibles.